Normal view
MARC view
Entry Personal Name
001 - CONTROL NUMBER
- control field: 561
003 - CONTROL NUMBER IDENTIFIER
- control field: BD-RjUL
005 - DATE AND TIME OF LATEST TRANSACTION
- control field: 20220106112050.0
008 - FIXED-LENGTH DATA ELEMENTS
- fixed length control field: 220106|| aca||aabn | a|a d
040 ## - CATALOGING SOURCE
- Original cataloging agency: BD-RjUL
- Transcribing agency: BD-RjUL
100 ## - HEADING--PERSONAL NAME
- Personal name: ইসলাম, মোহাম্মাদ জহুরুল
670 ## - SOURCE DATA FOUND
- Source citation: Work cat.: (BD-RjUL)79130: ইসলাম, মোহাম্মাদ জহুরুল , বঙ্গবন্ধুর পররাষ্ট্রনীতি /, ২০২০